[Event "56th TCh-DEN Ex 2017-18"]
[Site "Denmark DEN"]
[Date "2018.02.11"]
[Round "7.1"]
[Board "4"]
[White "Thogersen, Rasmus"]
[Black "Andersen, Jackie"]
[Result "0-1"]
[WhiteElo "2251"]
[BlackElo "2388"]
[WhiteTeam "Jetsmark"]
[BlackTeam "Nordea Skanderborg"]
[WhiteFideId "1431412"]
[BlackFideId "1402650"]
[EventDate "2017.11.18"]

1. e4 g6 2. d4 Bg7 3. Nf3 d6 4. Bc4 e6 5. Bb3 Nd7 6. Bf4 h6 7. Nc3 a6 8. Qd2 b5
9. a4 b4 10. Ne2 Bb7 11. Ng3 Ngf6 12. d5 exd5 13. exd5 Nc5 14. Bc4 O-O 15. Bxh6
Re8+ 16. Kf1 Nce4 17. Nxe4 Nxe4 18. Qc1 Qf6 19. Rb1 Re5 20. Be3 Rf5 21. Qe1 Re8
22. Qxb4 Rxf3 23. gxf3 Qxf3 24. Rg1 Bc8 25. Be2 Qh3+ 26. Rg2 Nxf2 27. Bxf2 Rxe2
28. Qc4 Re5 29. Kg1 Bf5 30. Rg3 Qh5 31. Qxa6 Re2 32. Qa8+ Kh7 33. Rf1 Be4 34.
Qc8 Rxf2 35. Qh3 Rg2+ 36. Qxg2 Bxg2 37. Rxg2 Qxd5 0-1

[Event "56th TCh-DEN Ex 2017-18"]
[Site "Denmark DEN"]
[Date "2018.02.11"]
[Round "7.1"]
[Board "5"]
[White "Boe, Mads"]
[Black "Rathlev, Jakob"]
[Result "1/2-1/2"]
[WhiteTitle "FM"]
[BlackTitle "CM"]
[WhiteElo "2297"]
[BlackElo "2218"]
[WhiteTeam "Nordea Skanderborg"]
[BlackTeam "Jetsmark"]
[WhiteFideId "1401408"]
[BlackFideId "1405284"]
[EventDate "2017.11.18"]

1. d4 Nf6 2. Nf3 e6 3. c3 d5 4. Bg5 Nbd7 5. Nbd2 Be7 6. e3 h6 7. Bh4 c5 8. Bd3
O-O 9. O-O b6 10. Ne5 Bb7 11. f4 Ne4 12. Bxe7 Qxe7 13. Ndf3 Ndf6 14. Qe1 Nd6 15.
Nd2 Nfe4 1/2-1/2

[Event "56th TCh-DEN Ex 2017-18"]
[Site "Denmark DEN"]
[Date "2018.02.11"]
[Round "7.1"]
[Board "6"]
[White "Grubert, Christian"]
[Black "Grove, Peter"]
[Result "1/2-1/2"]
[WhiteElo "2156"]
[BlackElo "2190"]
[WhiteTeam "Jetsmark"]
[BlackTeam "Nordea Skanderborg"]
[WhiteFideId "1406744"]
[BlackFideId "1411101"]
[EventDate "2017.11.18"]

1. e4 g6 2. d4 Bg7 3. Nc3 d5 4. exd5 Nf6 5. Bc4 Nbd7 6. Nf3 O-O 7. O-O Nb6 8.
Bb3 Nbxd5 9. Nxd5 Nxd5 10. Re1 c6 11. h3 a5 1/2-1/2

[Event "56th TCh-DEN Ex 2017-18"]
[Site "Denmark DEN"]
[Date "2018.02.11"]
[Round "7.1"]
[Board "7"]
[White "Pedersen, Jan Soe"]
[Black "Rasmussen, Henning1"]
[Result "1-0"]
[WhiteElo "1866"]
[BlackElo "2152"]
[WhiteTeam "Nordea Skanderborg"]
[BlackTeam "Jetsmark"]
[WhiteFideId "1424173"]
[BlackFideId "1407988"]
[EventDate "2017.11.18"]

1. e4 c6 2. d4 d5 3. exd5 cxd5 4. c4 Nf6 5. Nc3 e6 6. Nf3 Be7 7. c5 b6 8. b4 Ne4
9. Qc2 Nxc3 10. Qxc3 O-O 11. Bd3 a5 12. a3 bxc5 13. bxc5 Nc6 14. Bf4 Ba6 15. O-O
Re8 16. Rfe1 Bxd3 17. Qxd3 a4 18. Rab1 Qc8 19. Rb6 Na5 20. Reb1 Nc4 21. Rb7 Bd8
22. Ne5 Nxe5 23. Bxe5 Re7 24. Rb8 Rxb8 25. Rxb8 Qd7 26. Qa6 Re8 27. c6 Qe7 28.
Qxa4 1-0

[Event "56th TCh-DEN Ex 2017-18"]
[Site "Denmark DEN"]
[Date "2018.02.11"]
[Round "7.3"]
[Board "1"]
[White "Pedersen, Jan1"]
[Black "Hagen, Andreas Skytte"]
[Result "1/2-1/2"]
[WhiteTitle "IM"]
[BlackTitle "IM"]
[WhiteElo "2396"]
[BlackElo "2383"]
[WhiteTeam "SK1968"]
[BlackTeam "Aarhus/Skolerne"]
[WhiteFideId "1401963"]
[BlackFideId "1407341"]
[EventDate "2017.11.18"]

1. e4 c5 2. Nf3 d6 3. Bb5+ Bd7 4. Bxd7+ Qxd7 5. c4 Nc6 6. d4 cxd4 7. Nxd4 g6 8.
Nc3 Bg7 9. Be3 Nf6 10. f3 O-O 11. O-O a6 12. Nxc6 Qxc6 13. Nd5 Nxd5 14. cxd5 Qb5
15. Bd4 Qb4 16. Bxg7 Kxg7 17. Qb3 Qxb3 18. axb3 Rac8 19. Rac1 f5 20. Rc3 Rxc3
21. bxc3 Rc8 22. Rc1 fxe4 23. fxe4 Kf6 24. Rf1+ Ke5 25. Rf7 Rc7 26. Rxh7 Kxe4
27. c4 b5 28. Rh4+ Ke5 29. cxb5 axb5 30. Rg4 Kf5 31. Rd4 Rc5 32. h4 Ke5 33. Rg4
Kf5 34. Rd4 1/2-1/2

[Event "56th TCh-DEN Ex 2017-18"]
[Site "Denmark DEN"]
[Date "2018.02.11"]
[Round "7.3"]
[Board "2"]
[White "Sorensen, Jan"]
[Black "Matthiesen, Martin"]
[Result "0-1"]
[WhiteTitle "IM"]
[BlackTitle "FM"]
[WhiteElo "2420"]
[BlackElo "2307"]
[WhiteTeam "Aarhus/Skolerne"]
[BlackTeam "SK1968"]
[WhiteFideId "1400150"]
[BlackFideId "1404067"]
[EventDate "2017.11.18"]

1. e4 e5 2. Bc4 Nf6 3. d3 c6 4. Nf3 d5 5. Bb3 Bb4+ 6. Bd2 Bxd2+ 7. Nbxd2 Nbd7 8.
O-O O-O 9. Re1 Re8 10. Nf1 dxe4 11. Ng5 Re7 12. dxe4 Qc7 13. Qd2 h6 14. Nxf7
Rxf7 15. Rad1 Rb8 16. Ng3 Nf8 17. Bxf7+ Kxf7 18. Nf5 Bxf5 19. exf5 Re8 20. Qe3
Qb6 21. Qc3 N8d7 22. Rd3 e4 23. Qc4+ Kf8 24. Rb3 Qa5 25. Rd1 Nb6 26. Qb4+ Qxb4
27. Rxb4 Nfd5 28. Rb3 Re7 29. Ra3 a6 30. b3 e3 31. fxe3 Nxe3 32. Rd2 Nxf5 33.
Ra5 Ne3 34. c4 Ke8 35. h3 Nexc4 36. bxc4 Nxc4 0-1

[Event "56th TCh-DEN Ex 2017-18"]
[Site "Denmark DEN"]
[Date "2018.02.11"]
[Round "7.3"]
[Board "3"]
[White "Rewitz, Poul"]
[Black "Skytte, Rasmus"]
[Result "1/2-1/2"]
[WhiteTitle "FM"]
[BlackTitle "IM"]
[WhiteElo "2308"]
[BlackElo "2394"]
[WhiteTeam "SK1968"]
[BlackTeam "Aarhus/Skolerne"]
[WhiteFideId "1401033"]
[BlackFideId "1404210"]
[EventDate "2017.11.18"]

1. d4 Nf6 2. Bg5 e6 3. e4 Be7 4. e5 Nd5 5. Bxe7 Nxe7 6. Bd3 d6 7. Qg4 Ng6 8. Nf3
Nc6 9. O-O Nb4 10. Be4 d5 11. Bd3 Nxd3 12. cxd3 O-O 13. h4 f5 14. Qg5 Ne7 15.
Qf4 Ng6 16. Qg5 Ne7 17. Qf4 Ng6 1/2-1/2

[Event "56th TCh-DEN Ex 2017-18"]
[Site "Denmark DEN"]
[Date "2018.02.11"]
[Round "7.3"]
[Board "4"]
[White "Rasmussen, Karsten"]
[Black "Berg, Klaus"]
[Result "0-1"]
[WhiteTitle "IM"]
[BlackTitle "IM"]
[WhiteElo "2440"]
[BlackElo "2340"]
[WhiteTeam "Aarhus/Skolerne"]
[BlackTeam "SK1968"]
[WhiteFideId "1400088"]
[BlackFideId "1400053"]
[EventDate "2017.11.18"]

1. e4 c6 2. d4 d5 3. Nc3 a6 4. f3 dxe4 5. fxe4 e5 6. Nf3 exd4 7. Nxd4 Bc5 8. Be3
Nf6 9. Qd3 Nbd7 10. Nf5 O-O 11. O-O-O Qc7 12. Bxc5 Nxc5 13. Qd6 Qxd6 14. Nxd6 a5
15. Be2 Be6 16. Rd4 b5 17. b3 Nfd7 18. a3 Bxb3 19. Nf5 Ne5 20. cxb3 Nxb3+ 21.
Kb2 Nxd4 22. Nxd4 Rfd8 23. Rd1 Kf8 24. Nf3 Rxd1 25. Nxd1 Nxf3 26. Bxf3 Ke7 27.
Ne3 g6 28. Nc2 Kd6 29. Nd4 Rc8 30. Kc3 Kc5 31. Nb3+ Kb6 32. Nc1 c5 33. Nd3 c4
34. Ne5 Rc7 35. Bg4 h5 36. Bh3 Kc5 37. Nd7+ Kd6 38. e5+ Kd5 39. g3 b4+ 40. axb4
axb4+ 0-1

[Event "56th TCh-DEN Ex 2017-18"]
[Site "Denmark DEN"]
[Date "2018.02.11"]
[Round "7.3"]
[Board "6"]
[White "Vinter-Schou, Uffe"]
[Black "Bank, Pelle"]
[Result "0-1"]
[WhiteTitle "IM"]
[WhiteElo "2336"]
[BlackElo "2283"]
[WhiteTeam "Aarhus/Skolerne"]
[BlackTeam "SK1968"]
[WhiteFideId "1400568"]
[BlackFideId "1402889"]
[EventDate "2017.11.18"]

1. e4 g6 2. d4 Bg7 3. Nf3 d6 4. c3 Nf6 5. Bd3 Nc6 6. O-O O-O 7. Re1 e5 8. h3 Re8
9. d5 Nb8 10. c4 Na6 11. Nc3 Nc5 12. Bc2 a5 13. Rb1 h6 14. a3 Nh7 15. b4 axb4
16. axb4 Na6 17. Rb3 f5 18. exf5 gxf5 19. Nb5 Bd7 20. Bb2 Kh8 21. Kh1 Rg8 22.
Qd2 Qf8 23. Nh2 Re8 24. Rg1 Qf6 25. Qe2 c5 26. dxc6 bxc6 27. Nc3 Nc7 28. Ra3 Ne6
29. Nf3 Nf4 30. Qd2 Ng5 31. Nxg5 Qxg5 32. Qxd6 Nxh3 33. gxh3 Qxg1+ 34. Kxg1 Bf8+
35. Kf1 Bxd6 36. c5 Bb8 37. Ne2 Kh7 38. Ng3 Rgf8 39. Ra6 e4 40. Nh5 Kg6 41. Ng3
Kg5 42. b5 Bxg3 43. fxg3 f4 44. h4+ Kg4 45. gxf4 Rxf4+ 46. Ke1 e3 47. Bd3 Kxh4
48. Be2 Rg8 49. Kd1 Bf5 50. Bc3 Rg1+ 51. Be1+ Kg5 0-1

[Event "56th TCh-DEN Ex 2017-18"]
[Site "Denmark DEN"]
[Date "2018.02.11"]
[Round "7.3"]
[Board "7"]
[White "Lindfeldt, Jan Magnus"]
[Black "Ochsner, Thomas"]
[Result "1-0"]
[WhiteTitle "FM"]
[WhiteElo "2263"]
[BlackElo "2301"]
[WhiteTeam "SK1968"]
[BlackTeam "Aarhus/Skolerne"]
[WhiteFideId "1402510"]
[BlackFideId "1400711"]
[EventDate "2017.11.18"]

1. e4 e5 2. Nf3 Nc6 3. Bb5 Nf6 4. d3 d6 5. c3 g6 6. O-O Bg7 7. Re1 O-O 8. h3 Re8
9. Nbd2 h6 10. d4 exd4 11. cxd4 Bd7 12. Bc4 Na5 13. Bf1 c5 14. e5 dxe5 15. dxe5
Nd5 16. Ne4 Bc6 17. Nxc5 Nb4 18. Bd2 Bxf3 19. gxf3 Qd4 20. Re4 Qxc5 21. Bxb4 Qb6
22. Qe1 Nc6 23. Bc3 Rad8 24. Bc4 Nd4 25. Qe3 Bxe5 26. Re1 Kf8 27. Bxd4 Rxd4 28.
Rxe5 Rxe5 29. Qxe5 Rxc4 30. Qh8# 1-0

[Event "56th TCh-DEN Ex 2017-18"]
[Site "Denmark DEN"]
[Date "2018.02.11"]
[Round "7.3"]
[Board "8"]
[White "Rendboe, John Filip"]
[Black "Hansen, Lars"]
[Result "1/2-1/2"]
[WhiteTitle "FM"]
[WhiteElo "2127"]
[BlackElo "2243"]
[WhiteTeam "Aarhus/Skolerne"]
[BlackTeam "SK1968"]
[WhiteFideId "1403664"]
[BlackFideId "1402528"]
[EventDate "2017.11.18"]

1. c4 b6 2. d4 e6 3. Nf3 Bb7 4. e3 Nf6 5. Bd3 c5 6. O-O cxd4 7. exd4 Be7 8. Nc3
d5 9. cxd5 Nxd5 10. Re1 O-O 11. Ne4 Nd7 12. a3 N7f6 13. Qe2 Rc8 14. Bd2 Nc7 15.
Rac1 Nxe4 16. Bxe4 Bxe4 17. Qxe4 Qd5 18. Qc2 Qb7 19. Qc6 Qa6 20. Qe4 Nd5 21. h4
Qb5 22. b4 Qa6 23. Ra1 Qa4 24. Ne5 Qc2 25. Qe2 Bxh4 26. g3 Bf6 27. Nxf7 Qg6 28.
Ne5 Bxe5 29. Qxe5 Rc2 30. Re2 Qf5 31. Qxf5 Rxf5 32. Kf1 Rf8 33. Rd1 Kf7 34. Be1
Rxe2 35. Kxe2 Rc8 36. Kd3 b5 37. a4 bxa4 38. Ra1 Nb6 39. b5 g5 40. Ba5 Nc4 41.
Bb4 h5 42. Bc5 Nb6 43. Bxb6 axb6 44. Rxa4 h4 45. gxh4 gxh4 46. d5 Rc5 47. dxe6+
Kxe6 48. Rxh4 Rxb5 1/2-1/2

[Event "56th TCh-DEN Ex 2017-18"]
[Site "Denmark DEN"]
[Date "2018.02.11"]
[Round "7.2"]
[Board "1"]
[White "Hansen, Sune Berg"]
[Black "Aagaard, Jacob"]
[Result "1/2-1/2"]
[WhiteTitle "GM"]
[BlackTitle "GM"]
[WhiteElo "2580"]
[BlackElo "2488"]
[WhiteTeam "Hillerod"]
[BlackTeam "Bronshoj"]
[WhiteFideId "1400266"]
[BlackFideId "1401815"]
[EventDate "2017.11.18"]

1. e4 c5 2. Nf3 d6 3. Bb5+ Nd7 4. a4 Nf6 5. Nc3 e6 6. O-O Be7 7. a5 O-O 8. a6
bxa6 9. Bxa6 Bxa6 10. Rxa6 c4 11. Ra1 d5 12. exd5 exd5 13. d3 cxd3 14. Qxd3 Nc5
15. Qd1 Nce4 16. Na4 Qc7 17. Be3 Rfd8 18. Bd4 Nd7 19. Nc3 Ndc5 20. Qe2 Qb7 21.
Rfe1 Bf6 22. Bxf6 Nxf6 23. Qb5 Qc8 24. Nd4 Ne6 25. Qa4 a5 26. Rad1 Nxd4 27. Rxd4
Qc5 28. Red1 Rab8 1/2-1/2

[Event "56th TCh-DEN Ex 2017-18"]
[Site "Denmark DEN"]
[Date "2018.02.11"]
[Round "7.2"]
[Board "2"]
[White "Aabling-Thomsen, Jakob"]
[Black "Schandorff, Lars"]
[Result "1/2-1/2"]
[WhiteTitle "IM"]
[BlackTitle "GM"]
[WhiteElo "2360"]
[BlackElo "2490"]
[WhiteTeam "Bronshoj"]
[BlackTeam "Hillerod"]
[WhiteFideId "1407589"]
[BlackFideId "1400070"]
[EventDate "2017.11.18"]

1. Nf3 d5 2. b3 Bf5 3. Bb2 e6 4. g3 Nf6 5. Bg2 Be7 6. d3 h6 7. Nbd2 O-O 8. O-O
Bh7 9. c4 c6 10. a3 a5 11. Qc2 Na6 12. Bc3 b5 13. Ne5 Qc7 14. Ndf3 Rfc8 15. Rfc1
Bd6 16. cxb5 cxb5 17. Qb2 Qd8 18. Bd2 Nc5 19. b4 axb4 20. axb4 Rxa1 21. Rxa1 Na4
22. Qd4 Qe7 23. g4 Ne8 24. Ne1 f6 25. N5f3 Bg6 26. Qe3 Bf7 27. Nd4 Qd7 28. h4 g5
29. Qh3 Bf8 30. hxg5 fxg5 31. Nef3 Bg7 32. Qg3 Qd6 33. Qxd6 Nxd6 34. Rc1 Rxc1+
35. Bxc1 e5 36. Nc6 e4 37. Nfe5 Be8 38. f4 Bxc6 39. Nxc6 Bf6 40. Be3 Kf7 41.
fxg5 hxg5 42. dxe4 dxe4 43. Kf2 Ke6 44. Nd4+ Kd5 45. Nf5 Nxf5 46. gxf5 Ke5 47.
Kg3 Kxf5 48. Bh3+ Ke5 49. Bd7 Nc3 50. Kg4 Be7 51. Bd2 Bxb4 1/2-1/2

[Event "56th TCh-DEN Ex 2017-18"]
[Site "Denmark DEN"]
[Date "2018.02.11"]
[Round "7.2"]
[Board "3"]
[White "Borge, Nikolaj"]
[Black "Carstensen, Jacob"]
[Result "1-0"]
[WhiteTitle "IM"]
[BlackTitle "IM"]
[WhiteElo "2392"]
[BlackElo "2361"]
[WhiteTeam "Hillerod"]
[BlackTeam "Bronshoj"]
[WhiteFideId "1400312"]
[BlackFideId "1404180"]
[EventDate "2017.11.18"]

1. e4 c5 2. Nc3 d6 3. f4 a6 4. d4 cxd4 5. Qxd4 Nc6 6. Qf2 Nf6 7. Be2 d5 8. e5 d4
9. exf6 dxc3 10. bxc3 exf6 11. Bd3 Qa5 12. Ne2 Be7 13. Be3 Bg4 14. O-O Bxe2 15.
Qxe2 Qxc3 16. Rab1 Nd8 17. Bb6 Ne6 18. Kh1 f5 19. Bxf5 O-O 20. Bxe6 fxe6 21.
Qxe6+ Rf7 22. Qe4 Bf6 23. Rb3 Qc8 24. Rh3 g6 25. f5 Bg7 26. Rhf3 gxf5 27. Rxf5
Rxf5 28. Rxf5 Qc6 29. Qxc6 bxc6 30. Rc5 Rc8 31. g3 Kf7 32. Ra5 Re8 33. c4 Re2
34. Rxa6 Rc2 35. Ra4 h5 36. Be3 Be5 37. c5 Ke6 38. Rh4 Kd5 39. a4 Ra2 40. Bg1
Bf6 41. Rxh5+ Be5 42. Rh4 Bf6 43. Rg4 Ke6 44. Be3 Ra3 45. Bf2 Kf5 46. Rf4+ Kg6
47. Kg2 1-0

[Event "56th TCh-DEN Ex 2017-18"]
[Site "Denmark DEN"]
[Date "2018.02.11"]
[Round "7.2"]
[Board "4"]
[White "Hoi, Carsten"]
[Black "Stojanovski, Sandi"]
[Result "1-0"]
[WhiteTitle "GM"]
[BlackTitle "FM"]
[WhiteElo "2354"]
[BlackElo "2270"]
[WhiteTeam "Bronshoj"]
[BlackTeam "Hillerod"]
[WhiteFideId "1400100"]
[BlackFideId "1403249"]
[EventDate "2017.11.18"]

1. d4 d5 2. c4 e6 3. Nc3 Bb4 4. e3 Nf6 5. Bd3 c5 6. Ne2 dxc4 7. Bxc4 cxd4 8.
exd4 Nc6 9. O-O O-O 10. Bg5 h6 11. Bh4 Be7 12. Rc1 b6 13. a3 Bb7 14. Qd3 Nh5 15.
Bxe7 Nxe7 16. Rfd1 Nf6 17. Ba2 Qd7 18. Nf4 Rfd8 19. Qh3 Ned5 20. Ncxd5 Nxd5 21.
Bxd5 Bxd5 22. Qg3 Qe7 23. h4 Rd7 24. Rc3 Bb7 25. Nh5 f5 26. Qe5 Kh7 27. Rg3 Rg8
28. Re1 Rd5 29. Qxe6 Qxe6 30. Rxe6 f4 31. Rxg7+ Rxg7 32. Nf6+ Kg6 33. Nxd5+ Kf5
34. Re5+ Kg6 35. Nxf4+ Kh7 36. d5 Rf7 37. g3 Rc7 38. Re1 Kg7 39. d6 Rd7 40. Re6 1-0

[Event "56th TCh-DEN Ex 2017-18"]
[Site "Denmark DEN"]
[Date "2018.02.11"]
[Round "7.2"]
[Board "5"]
[White "Ostergaard, Jens"]
[Black "Palm, Nikolaj"]
[Result "1/2-1/2"]
[WhiteTitle "FM"]
[BlackTitle "FM"]
[WhiteElo "2220"]
[BlackElo "2319"]
[WhiteTeam "Hillerod"]
[BlackTeam "Bronshoj"]
[WhiteFideId "1400606"]
[BlackFideId "1402145"]
[EventDate "2017.11.18"]

1. d4 d5 2. c4 e6 3. Nf3 c6 4. Nc3 Nf6 5. e3 Bd6 6. Qc2 Nbd7 7. b3 O-O 8. Be2
Qe7 9. O-O b6 10. Bb2 Bb7 11. Rfe1 Rfe8 12. Rad1 Rad8 13. e4 dxe4 14. Nxe4 Nxe4
15. Qxe4 Nf8 16. Qc2 Bb4 17. Rf1 Bd6 18. Bc3 c5 19. dxc5 Bxc5 20. Qb2 Ba3 21.
Qa1 f6 22. Rxd8 Rxd8 23. Rd1 Rxd1+ 24. Qxd1 1/2-1/2

[Event "56th TCh-DEN Ex 2017-18"]
[Site "Denmark DEN"]
[Date "2018.02.11"]
[Round "7.2"]
[Board "6"]
[White "Greger, Roland Reinhard"]
[Black "Jaksland, Tim"]
[Result "0-1"]
[BlackTitle "FM"]
[WhiteElo "2298"]
[BlackElo "2168"]
[WhiteTeam "Bronshoj"]
[BlackTeam "Hillerod"]
[WhiteFideId "1401530"]
[BlackFideId "1401084"]
[EventDate "2017.11.18"]

1. e4 c5 2. Nf3 e6 3. d3 Nc6 4. g3 d5 5. Nbd2 Bd6 6. Bg2 Nge7 7. O-O O-O 8. Re1
Bc7 9. Nh4 e5 10. c3 d4 11. c4 Be6 12. a3 a5 13. Rf1 f6 14. Nb3 b6 15. f4 exf4
16. gxf4 Qd7 17. Bd2 Rab8 18. Nc1 Bh3 19. Rf2 Qg4 20. Qxg4 Bxg4 21. b4 axb4 22.
axb4 Nxb4 23. Bxb4 cxb4 24. Ra7 Bd6 25. h3 Be6 26. Nb3 Nc6 27. Ra6 Bc8 28. Raa2
Bd7 29. Nf5 Bc5 30. Bf3 g6 31. Rg2 Kh8 32. Nh4 Ra8 33. Rxa8 Rxa8 34. e5 fxe5 35.
fxe5 Be7 36. e6 Be8 37. Rg4 Ra3 38. Bxc6 Bxc6 39. Nxd4 b3 40. Nxb3 Rxb3 41. d4
Rxh3 42. d5 Be8 43. Ng2 g5 44. Re4 Rc3 45. Ne1 Bg6 0-1

[Event "56th TCh-DEN Ex 2017-18"]
[Site "Denmark DEN"]
[Date "2018.02.11"]
[Round "7.2"]
[Board "7"]
[White "Nordenbaek, Jan"]
[Black "Furrer, Christian"]
[Result "0-1"]
[WhiteElo "2194"]
[BlackElo "2240"]
[WhiteTeam "Hillerod"]
[BlackTeam "Bronshoj"]
[WhiteFideId "1401475"]
[BlackFideId "1428004"]
[EventDate "2017.11.18"]

1. b3 Nf6 2. Bb2 g6 3. g4 Bg7 4. g5 Nh5 5. d4 c5 6. c3 d5 7. dxc5 e5 8. e3 Nc6
9. Na3 Be6 10. h4 h6 11. gxh6 Rxh6 12. Nb5 Kf8 13. Qd2 Nf6 14. Bg2 Ng4 15. O-O-O
Rxh4 16. Nd6 Rxh1 17. Bxh1 e4 18. c4 Nge5 19. Kb1 dxc4 20. Bxe4 cxb3 21. a3 Qa5
22. Nxb7 Qxd2 23. Rxd2 Nc4 24. Bxg7+ Kxg7 25. Rd1 Rc8 26. a4 Na3+ 27. Kb2 Nc4+
28. Kb1 N4a5 29. Bxc6 Nxc6 30. Nd6 Rb8 31. Kb2 Rb4 32. Ne8+ Kf8 33. Nc7 Bc4 34.
Ra1 Rb7 35. Nb5 Bxb5 36. axb5 Rxb5 37. Ne2 Rxc5 38. Kxb3 Rb5+ 39. Kc3 Rc5+ 40.
Kb3 a5 41. Nf4 Nb4 42. Nh3 Ke7 43. Rd1 Kf6 44. Rd7 Ke6 45. Ra7 Nd3 46. f4 f6 47.
Ng1 Kf5 48. Ne2 Nf2 49. Re7 Nd1 50. Ng3+ Kg4 51. Ne4 Rc6 52. Rf7 f5 53. Nf6+ Kf3
54. Nd7 Kxe3 55. Ne5 Rb6+ 56. Kc2 Ke2 57. Nc4 Ne3+ 0-1

[Event "56th TCh-DEN Ex 2017-18"]
[Site "Denmark DEN"]
[Date "2018.02.11"]
[Round "7.2"]
[Board "8"]
[White "Skousen, Nikolai"]
[Black "Svenninggaard, Thomas"]
[Result "0-1"]
[WhiteTitle "FM"]
[WhiteElo "2203"]
[BlackElo "2177"]
[WhiteTeam "Bronshoj"]
[BlackTeam "Hillerod"]
[WhiteFideId "1401432"]
[BlackFideId "1406302"]
[EventDate "2017.11.18"]

1. g3 g6 2. Bg2 Bg7 3. d4 d6 4. e4 Nf6 5. Nc3 O-O 6. Nge2 Na6 7. O-O c5 8. h3
Rb8 9. a4 b6 10. Nb5 Bb7 11. d5 Ra8 12. c4 Nd7 13. f4 Nb4 14. Ra3 a6 15. Nbc3
Qc7 16. Be3 a5 17. Qd2 Ba6 18. b3 Rad8 19. Raa1 Rfe8 20. Rae1 e6 21. Bf2 exd5
22. exd5 f5 23. Kh2 Nf6 24. Ng1 Qd7 25. Nf3 h6 26. Nh4 Qf7 27. Bf3 Kh7 28. Ng2
Bc8 29. Rxe8 Rxe8 30. Re1 Bd7 31. Re3 Rxe3 32. Bxe3 Qe7 33. Ne1 Ne4 34. Nxe4
fxe4 35. Bg2 h5 36. Qe2 Bf5 37. g4 hxg4 38. hxg4 Qh4+ 39. Bh3 Bxg4 40. Qxg4 Qxe1
41. Bg1 Nd3 42. f5 Be5+ 43. Kg2 Nf4+ 44. Kh1 Bd4 45. fxg6+ Nxg6 46. Kh2 Bxg1+
47. Qxg1 Qd2+ 48. Kh1 Qf4 49. Qg4 e3 50. Qh5+ Kg7 51. Bg4 Qh6 52. Qxh6+ Kxh6 53.
Kg2 Kg5 54. Kg3 Nf4 55. Bf3 Kf5 0-1

[Event "56th TCh-DEN Ex 2017-18"]
[Site "Denmark DEN"]
[Date "2018.02.11"]
[Round "7.4"]
[Board "1"]
[White "Haubro, Martin"]
[Black "Hector, Jonny"]
[Result "1/2-1/2"]
[WhiteTitle "IM"]
[BlackTitle "GM"]
[WhiteElo "2297"]
[BlackElo "2493"]
[WhiteTeam "BMS"]
[BlackTeam "Nordkalotten"]
[WhiteFideId "1414291"]
[BlackFideId "1700090"]
[EventDate "2017.11.18"]

1. e4 e5 2. Nf3 Nc6 3. Bb5 a6 4. Ba4 Nf6 5. O-O b5 6. Bb3 Bb7 7. d3 Bc5 8. c3 d6
9. Nbd2 O-O 10. Re1 Ne7 11. d4 Bb6 12. Bc2 Ng6 13. Nf1 exd4 14. cxd4 d5 15. e5
Ne4 16. Ng3 c5 17. Be3 Re8 18. dxc5 Bxc5 19. Bxc5 Nxc5 20. Qd4 Ne6 21. Qd2 Rc8
22. Rad1 Qc7 23. Rc1 Qb8 24. Nf5 d4 25. N3xd4 Nxe5 26. Nxe6 Rxe6 27. Qg5 Ng6 28.
Bb3 Rxc1 29. Rxc1 Re8 30. Rd1 Qe5 31. h4 Bc8 32. Nd6 Qxg5 33. hxg5 Rd8 34. Bxf7+
Kf8 35. Bb3 Bg4 36. f3 Ke7 37. Nxb5 Rxd1+ 38. Bxd1 Bxf3 39. gxf3 axb5 40. b4 Nf4
41. Bc2 h6 42. gxh6 gxh6 43. Kf2 Kd6 44. Kg3 Ke5 45. a3 h5 46. Be4 Ne2+ 47. Kh4
Nc3 48. Bc6 Kf4 49. Kxh5 Nb1 50. a4 bxa4 51. Bxa4 Nc3 52. Bd1 Nb5 53. Kg6 Nc3
54. Kh7 Nxd1 55. b5 Nc3 56. b6 1/2-1/2

[Event "56th TCh-DEN Ex 2017-18"]
[Site "Denmark DEN"]
[Date "2018.02.11"]
[Round "7.4"]
[Board "2"]
[White "Jepson, Christian"]
[Black "Seegert, Kristian"]
[Result "1-0"]
[WhiteTitle "IM"]
[WhiteElo "2404"]
[BlackElo "2241"]
[WhiteTeam "Nordkalotten"]
[BlackTeam "BMS"]
[WhiteFideId "1701185"]
[BlackFideId "1405098"]
[EventDate "2017.11.18"]

1. Nf3 d6 2. d4 f5 3. c4 Nf6 4. Nc3 g6 5. Bg5 Bg7 6. Qc2 O-O 7. h3 Nc6 8. O-O-O
a5 9. a3 Bd7 10. e3 a4 11. Be2 Na5 12. Nd2 c6 13. Qxa4 Ne4 14. Ndxe4 fxe4 15.
Bh4 Qb6 16. Qb4 Qa7 17. c5 dxc5 18. dxc5 Be6 19. Bg4 Bf7 20. Kb1 Rfe8 21. Nxe4
Nc4 22. Rd4 Bxd4 23. exd4 b5 24. Bg5 Qb7 25. Nc3 Qc7 26. Rd1 Rad8 27. h4 Kg7 28.
b3 Na5 29. d5 Bxd5 30. Bf4 e5 31. Bg5 Bxb3 32. Bxd8 Rxd8 33. Rd6 Bf7 34. Be2 Nb7
35. Rxd8 Qxd8 36. Ne4 Qd5 37. Bf3 Qa2+ 38. Kc1 Qa1+ 39. Kc2 Qa2+ 40. Qb2 Qc4+
41. Qc3 Na5 42. Nd2 Qa4+ 43. Kb2 Kg8 44. Qb4 Bd5 45. Kc3 Qxb4+ 46. Kxb4 e4 47.
Nxe4 Nc4 48. Nf6+ Kf8 49. Nxd5 1-0

[Event "56th TCh-DEN Ex 2017-18"]
[Site "Denmark DEN"]
[Date "2018.02.11"]
[Round "7.4"]
[Board "3"]
[White "Pedersen, Nicolai Kvist Brondt"]
[Black "Sylvan, Jacob"]
[Result "1/2-1/2"]
[BlackTitle "FM"]
[WhiteElo "2180"]
[BlackElo "2360"]
[WhiteTeam "BMS"]
[BlackTeam "Nordkalotten"]
[WhiteFideId "1413848"]
[BlackFideId "1402137"]
[EventDate "2017.11.18"]

1. d4 d5 2. c4 e6 3. Nf3 Nf6 4. g3 dxc4 5. Bg2 a6 6. Ne5 c5 7. Na3 cxd4 8. Naxc4
Bc5 9. O-O O-O 10. Bg5 Nbd7 11. Rc1 Nxe5 12. Nxe5 Qd6 13. Bf4 Qe7 14. Qc2 Ba7
15. Qc7 Qxc7 16. Rxc7 Nd5 17. Bxd5 exd5 18. Rfc1 Bb6 19. R7c2 Bf5 20. Nd3 Rac8
21. Rxc8 Rxc8 22. Rxc8+ Bxc8 23. Bd6 Bd7 24. Bc5 Bc7 25. Bxd4 f6 26. Nb4 Be6 27.
Nd3 Kf8 28. Nc5 Bc8 29. Nd3 Be6 30. Nc5 Bc8 1/2-1/2